000 00993nam a2200289 a 4500
001 2913113
003 JO-AjAnu
005 20240429111834.0
008 880322t19881989ilua b 001 0 eng
010 _a 88080897
020 _a0256061858
040 _aDLC
_cDLC
_dJO-AjAnu
_beng
041 _aeng
_heng
050 0 0 _aHF5681.B2
_bB46 1989
082 0 0 _a657/.33
_219
100 1 _aBernstein, Leopold A.
245 1 0 _aFinancial statement analysis :
_btheory, application, and interpretation /
_cLeopold A. Bernstein.
250 _a4th ed.
260 _aHomewood, Ill. :
_bIrwin,
_c1988, c1989.
300 _axxvi, 1003 p. :
_bill. ;
_c25 cm.
440 4 _aThe Robert N. Anthony/Willard J. Graham series in accounting
504 _aIncludes bibliographical references and index.
650 0 _aFinancial statements.
906 _a7
_bcbc
_corignew
_d3
_eopcn
_f19
_gy-gencatlg
942 _2lcc
_cBK
_n0
999 _c33469
_d33469